01392cam a2200361 a 4500001001400000003000800014005001700022006001900039007001500058008004100073020003800114040003000152049002600182050002200208082001200230100002700242245007200269260002700341300003700368520021800405521001700623588004700640504005100687650003100738650004700769655002900816700001700845710001600862776003500878856008200913942001600995999001901011EDZ0000076939StDuBDS20161031105150.0m||||||||d||||||||cr |||||||||||120418s2007 enk fo| 001|0|eng d a9781446216026 (ebook) :cNo price aStDuBDSbengcStDuBDSepn aAlfaisal Main Library 0aPN5119b.B75 200704a0722231 aBrighton, Paul,d1959-10aNews valuesh[electronic resource] /cPaul Brighton and Dennis Foy. aLondon :bSAGE,c2007. a1 online resource (viii, 205 p.)8 aPaul Brighton and Dennis Foy analyse the shape of the news industry - a world of rolling news and multimedia platforms, and a world where broadcast news is increasingly considered another element of show business. aSpecialized. aDescription based on print version record. aIncludes bibliographical references and index. 0aJournalismzGreat Britain. 0aJournalismxSocial aspectszGreat Britain. 7aElectronic books.2local1 aFoy, Dennis.2 aSage eBooks08iPrint version :z978141294600140uhttp://ezproxy.alfaisal.edu/login?url=http://sk.sagepub.com/books/news-values 2lcccEBOOKS c480757d480757